000 00276nam a2200097Ia 4500
001 786965
005 20250826170330.0
008 250824s9999 xx 000 0 und d
245 0 _aÖRNEK HAYATLAR: ELMA DERSEM DÜŞ
_cYazar Adı Belirtilmemiş
260 _bGENÇ TİMAŞ YAYINLARI
999 _c786965
_d786965